[Event "HUN-chT2 Barcza 1415"]
[Site "Hungary"]
[Date "2015.03.22"]
[Round "10"]
[White "Rakaczki, Csaba"]
[Black "Szarvas, Peter"]
[Result "0-1"]
[WhiteElo "2143"]
[BlackElo "2176"]
[PlyCount "74"]
[EventDate "2014.09.07"]
[EventType "team-tourn"]
[EventRounds "11"]
[EventCountry "HUN"]
[SourceTitle "EXT 2016"]
[Source "ChessBase"]
[SourceDate "2015.10.08"]
[SourceVersion "1"]
[SourceVersionDate "2015.10.08"]
[SourceQuality "1"]
[WhiteTeam "Debrecen Sakkbaratok"]
[BlackTeam "Hajduszoboszlo"]
[WhiteTeamCountry "HUN"]
[BlackTeamCountry "HUN"]

1. e4 c5 2. d4 cxd4 3. c3 dxc3 4. Nxc3 e6 5. Nf3 a6 6. Bc4 b5 7. Bb3 Bb7 8. 0-0 b4 9. Nd5 exd5 10. exd5 Bd6 11. Re1+ Ne7 12. Ng5 Kf8 13. Qh5 Ng6 14. Qf3 Qf6 15. Qe2 Qe5 16. Qxe5 Bxe5 17. d6 f6 18. Nf7 Nc6 19. Nxh8 Nxh8 20. Rd1 g5 21. g3 Nf7 22. Bd5 Ncd8 23. f4 gxf4 24. Bxf4 Bxf4 25. gxf4 Rc8 26. Bb3 Bc6 27. Rd4 a5 28. Re1 Nh6 29. Rd3 a4 30. Bc4 Nf5 31. b3 Nf7 32. Bxf7 Kxf7 33. Rc1 Rg8+ 34. Kf2 Be4 35. Rh3 Rg2+ 36. Kf1 Rxa2 37. bxa4 Bg2+ 0-1

[Event "HUN-chT2 Barcza 1415"]
[Site "Hungary"]
[Date "2015.02.08"]
[Round "8"]
[White "Somorai, Zsolt"]
[Black "Szarvas, Peter"]
[Result "0-1"]
[WhiteElo "2091"]
[BlackElo "2176"]
[PlyCount "80"]
[EventDate "2014.09.07"]
[EventType "team-tourn"]
[EventRounds "11"]
[EventCountry "HUN"]
[SourceTitle "EXT 2016"]
[Source "ChessBase"]
[SourceDate "2015.10.08"]
[SourceVersion "1"]
[SourceVersionDate "2015.10.08"]
[SourceQuality "1"]
[WhiteTeam "Debrecen Sakkiskola"]
[BlackTeam "Hajduszoboszlo"]
[WhiteTeamCountry "HUN"]
[BlackTeamCountry "HUN"]

1. Nf3 c5 2. c4 b6 3. Nc3 Bb7 4. e4 d6 5. d4 cxd4 6. Nxd4 Nf6 7. Bd3 g6 8. Be3 Bg7 9. 0-0 Nbd7 10. Qe2 Ne5 11. f4 Nxd3 12. Qxd3 0-0 13. Rad1 Rc8 14. b3 a6 15. Nd5 Nd7 16. Qe2 e6 17. Nc3 b5 18. Ndxb5 axb5 19. Nxb5 d5 20. exd5 exd5 21. Nd6 Qc7 22. Nxb7 Qxb7 23. Rxd5 Rfe8 24. Qf2 Nf6 25. Rb5 Qa8 26. h3 Ne4 27. Qf3 Nc3 28. a4 Rxe3 29. Qxa8 Rxa8 30. Rb7 Ne2+ 31. Kh2 Nd4 32. Rb1 Bh6 33. c5 Bxf4+ 34. Kg1 Bg3 35. Rf1 f5 36. Rd7 Nc6 37. b4 Nxb4 38. Rdd1 Rxa4 39. Rf3 Rxf3 40. gxf3 Ra2 0-1

[Event "HUN-chT2 Barcza 1415"]
[Site "Hungary"]
[Date "2015.01.25"]
[Round "?"]
[White "Hibjan, Tamas"]
[Black "Szarvas, Peter"]
[Result "1/2-1/2"]
[WhiteElo "2173"]
[BlackElo "2176"]
[PlyCount "47"]
[EventDate "2014.09.07"]
[EventType "team-tourn"]
[EventRounds "11"]
[EventCountry "HUN"]
[SourceTitle "EXT 2016"]
[Source "ChessBase"]
[SourceDate "2015.10.08"]
[SourceVersion "1"]
[SourceVersionDate "2015.10.08"]
[SourceQuality "1"]
[WhiteTeam "Nyiregyhaza"]
[BlackTeam "Hajduszoboszlo"]
[WhiteTeamCountry "HUN"]
[BlackTeamCountry "HUN"]

1. e4 c5 2. Nf3 e6 3. d4 cxd4 4. Nxd4 a6 5. Bd3 Qb6 6. Nb3 Qc7 7. 0-0 Nf6 8. c4 d6 9. Nc3 Nbd7 10. Bf4 Ne5 11. Rc1 b6 12. Qe2 Be7 13. h3 Bb7 14. Be3 Nfd7 15. Nd2 Nxd3 16. Qxd3 0-0 17. f4 Rac8 18. Qe2 Rfe8 19. a3 Qb8 20. Na4 Bc6 21. Nc3 Bf6 22. Rfe1 b5 23. cxb5 Bxb5 24. Nxb5 1/2-1/2

[Event "HUN-chT2 Barcza 1415"]
[Site "Hungary"]
[Date "2014.11.30"]
[Round "5"]
[White "Szarvas, Peter"]
[Black "Varga, Laszlo"]
[Result "1-0"]
[WhiteElo "2176"]
[BlackElo "1827"]
[PlyCount "67"]
[EventDate "2014.09.07"]
[EventType "team-tourn"]
[EventRounds "11"]
[EventCountry "HUN"]
[SourceTitle "EXT 2016"]
[Source "ChessBase"]
[SourceDate "2015.10.08"]
[SourceVersion "1"]
[SourceVersionDate "2015.10.08"]
[SourceQuality "1"]
[WhiteTeam "Hajduszoboszlo"]
[BlackTeam "Sajobabony"]
[WhiteTeamCountry "HUN"]
[BlackTeamCountry "HUN"]

1. d4 Nf6 2. Nf3 d6 3. Bf4 Nbd7 4. h3 g6 5. e3 Bg7 6. Be2 0-0 7. 0-0 c5 8. c3 a6 9. a4 b6 10. Nbd2 Bb7 11. Bh2 Re8 12. Bc4 Rc8 13. Bxf7+ Kh8 14. Ng5 Qc7 15. Ne6 Qc6 16. Qf3 d5 17. Bxe8 Qxe6 18. Bxd7 Nxd7 19. Qg4 Qc6 20. Nf3 Rf8 21. Bf4 Bc8 22. Qg3 Rf5 23. Rfc1 a5 24. b4 axb4 25. cxb4 c4 26. b5 Qb7 27. h4 Nf6 28. Bb8 Nd7 29. Bc7 Nf6 30. Bd8 Ne4 31. Qc7 Qxc7 32. Bxc7 Rf6 33. a5 bxa5 34. Rxa5 1-0

[Event "Puspokladany Arnoth Memorial 07th"]
[Site "Puspokladany"]
[Date "2014.07.18"]
[Round "5"]
[White "Grimsholm, Ola"]
[Black "Szarvas, Peter"]
[Result "0-1"]
[WhiteElo "2079"]
[BlackElo "2186"]
[PlyCount "101"]
[EventDate "2014.07.16"]
[EventType "swiss"]
[EventRounds "9"]
[EventCountry "HUN"]
[SourceTitle "EXT 2016"]
[Source "ChessBase"]
[SourceDate "2015.10.08"]
[SourceVersion "1"]
[SourceVersionDate "2015.10.08"]
[SourceQuality "1"]

1. e4 c5 2. Nf3 e6 3. d4 cxd4 4. Nxd4 a6 5. Nc3 Qc7 6. Bd3 Nf6 7. 0-0 d6 8. Bg5 Nbd7 9. Kh1 b5 10. f4 Bb7 11. a3 Qb6 12. Nf3 Ng4 13. Qe2 Qe3 14. Rae1 Qxe2 15. Rxe2 h6 16. Bh4 Rc8 17. a4 bxa4 18. Nxa4 Bc6 19. b3 Bxa4 20. bxa4 Nc5 21. Nd4 Be7 22. Bxe7 Kxe7 23. Rb1 Kd7 24. h3 Nf6 25. Ree1 Rb8 26. Nb3 Nxd3 27. cxd3 Rb4 28. Nd2 Rhb8 29. Kh2 Rxb1 30. Rxb1 Rxb1 31. Nxb1 Kc6 32. Nd2 Kc5 33. Nc4 Nxe4 34. Na5 Nc3 35. Nb7+ Kc6 36. Nd8+ Kd7 37. Nxf7 Nxa4 38. g4 Nb2 39. g5 a5 40. Nxh6 a4 41. f5 exf5 42. Nxf5 g6 43. Nd4 a3 44. Nb3 Nxd3 45. Kg3 Ke6 46. h4 a2 47. Kg4 Kd5 48. h5 Ne5+ 49. Kh4 gxh5 50. Kxh5 Kc4 51. Na1 0-1

[Event "HUN-chT2 Barcza 1314"]
[Site "Hungary"]
[Date "2014.04.13"]
[Round "10"]
[White "Bai, Attila"]
[Black "Szarvas, Peter"]
[Result "1-0"]
[WhiteElo "2212"]
[BlackElo "2193"]
[PlyCount "111"]
[EventDate "2013.09.08"]
[EventType "team-tourn"]
[EventRounds "11"]
[EventCountry "HUN"]
[SourceTitle "EXT 2016"]
[Source "ChessBase"]
[SourceDate "2015.10.08"]
[SourceVersion "1"]
[SourceVersionDate "2015.10.08"]
[SourceQuality "1"]
[WhiteTeam "Edeleny"]
[BlackTeam "Hajduszoboszlo"]
[WhiteTeamCountry "HUN"]
[BlackTeamCountry "HUN"]

1. d4 Nf6 2. Nf3 c5 3. c3 e6 4. Bg5 b6 5. Nbd2 Bb7 6. e3 Be7 7. Bd3 d6 8. Qe2 Nbd7 9. a3 a6 10. e4 h6 11. Bh4 g5 12. Bg3 Nh5 13. e5 d5 14. Ng1 Ng7 15. h4 gxh4 16. Qg4 hxg3 17. Qxg7 gxf2+ 18. Kxf2 Rf8 19. Ndf3 Qc7 20. Rxh6 0-0-0 21. Nh3 Nb8 22. Rh7 Bc6 23. Nhg5 Bxg5 24. Nxg5 Qe7 25. Qf6 Qxf6+ 26. exf6 c4 27. Bc2 Nd7 28. Rxf7 Rxf7 29. Nxf7 Rf8 30. Ne5 Rxf6+ 31. Ke3 Kc7 32. Rh1 Kd6 33. Nxd7 Bxd7 34. g4 e5 35. dxe5+ Kxe5 36. Rh5+ Kd6 37. g5 Rf8 38. g6 Bg4 39. Rg5 Re8+ 40. Kf4 Be6 41. g7 Bg8 42. Rg6+ Kc5 43. Bf5 Re7 44. Kg5 d4 45. cxd4+ Kxd4 46. Kh6 Kc5 47. Rg5 Re5 48. Bc8 Rxg5 49. Kxg5 a5 50. Kf6 Kd6 51. Ba6 Bd5 52. Bb5 Bg8 53. Be8 Bh7 54. Bf7 b5 55. Kg5 Ke7 56. Kh6 1-0

[Event "HUN-chT2 Barcza 1314"]
[Site "Hungary"]
[Date "2014.02.16"]
[Round "7"]
[White "Hando, Vilmos"]
[Black "Szarvas, Peter"]
[Result "1-0"]
[WhiteElo "2344"]
[BlackElo "2193"]
[PlyCount "79"]
[EventDate "2013.09.08"]
[EventType "team-tourn"]
[EventRounds "11"]
[EventCountry "HUN"]
[SourceTitle "EXT 2016"]
[Source "ChessBase"]
[SourceDate "2015.10.08"]
[SourceVersion "1"]
[SourceVersionDate "2015.10.08"]
[SourceQuality "1"]
[WhiteTeam "Kazincbarcika"]
[BlackTeam "Hajduszoboszlo"]
[WhiteTeamCountry "HUN"]
[BlackTeamCountry "HUN"]

1. d4 e6 2. Nf3 b5 3. e4 Bb7 4. Bd3 c5 5. c3 a6 6. 0-0 Qc7 7. Be3 d6 8. Nbd2 Nd7 9. a4 c4 10. Bc2 Be7 11. Qe2 Ngf6 12. Bg5 h6 13. Bh4 d5 14. Bg3 Qc8 15. e5 Nh7 16. h4 b4 17. Nh2 b3 18. Bb1 Nhf8 19. Qg4 g6 20. h5 Rg8 21. Qh3 Qc6 22. hxg6 fxg6 23. Qxh6 0-0-0 24. Ng4 Re8 25. Nf3 Bd8 26. Bh4 Bxh4 27. Nxh4 Re7 28. Nf3 Rh7 29. Qf4 Rgh8 30. g3 Nb6 31. Kg2 Nxa4 32. Ng5 Rh5 33. Nf7 Nd7 34. Rxa4 Qxa4 35. Bxg6 Kc7 36. Bxh5 Rxh5 37. Nd6 Rh7 38. Nf6 Re7 39. Nfe8+ Kb6 40. Qh4 1-0

[Event "HUN-chT2 Barcza 1314"]
[Site "Hungary"]
[Date "2013.10.20"]
[Round "3"]
[White "Szarvas, Peter"]
[Black "Antos, Zoltan"]
[Result "1-0"]
[WhiteElo "2193"]
[BlackElo "2073"]
[PlyCount "49"]
[EventDate "2013.09.08"]
[EventType "team-tourn"]
[EventRounds "11"]
[EventCountry "HUN"]
[SourceTitle "EXT 2016"]
[Source "ChessBase"]
[SourceDate "2015.10.08"]
[SourceVersion "1"]
[SourceVersionDate "2015.10.08"]
[SourceQuality "1"]
[WhiteTeam "Hajduszoboszlo"]
[BlackTeam "Debrecen EAC"]
[WhiteTeamCountry "HUN"]
[BlackTeamCountry "HUN"]

1. d4 Nf6 2. c4 g6 3. Nf3 Bg7 4. Nc3 d5 5. g3 0-0 6. Bg2 c6 7. cxd5 Nxd5 8. 0-0 a5 9. Nxd5 Qxd5 10. e3 Qb5 11. Re1 Be6 12. Nd2 Nd7 13. Ne4 Rfd8 14. Nc3 Qb4 15. a3 Qb3 16. Qe2 a4 17. Be4 Bc4 18. Qf3 Qb6 19. Bc2 e5 20. Nxa4 Rxa4 21. Bxa4 exd4 22. exd4 Qa5 23. Qd1 Ne5 24. b4 Qd5 25. dxe5 1-0

[Event "HUN-chT2 Maroczy 1213"]
[Site "Hungary"]
[Date "2013.02.17"]
[Round "7"]
[White "Kopasz, Robert"]
[Black "Szarvas, Peter"]
[Result "1-0"]
[WhiteElo "2307"]
[BlackElo "2233"]
[PlyCount "53"]
[EventDate "2012.09.16"]
[EventType "team-tourn"]
[EventRounds "11"]
[EventCountry "HUN"]
[SourceTitle "EXT 2014"]
[Source "ChessBase"]
[SourceDate "2013.11.20"]
[SourceVersion "1"]
[SourceVersionDate "2013.11.20"]
[SourceQuality "1"]
[WhiteTeam "Maroczy"]
[BlackTeam "Hajduszoboszlo"]
[WhiteTeamCountry "HUN"]
[BlackTeamCountry "HUN"]

1. e4 c5 2. Nf3 e6 3. c3 Nf6 4. e5 Nd5 5. d4 cxd4 6. cxd4 d6 7. Bc4 Nb6 8. Bd3 Nc6 9. a3 Qc7 10. Bf4 Nd5 11. Bg3 dxe5 12. dxe5 Be7 13. Nbd2 0-0 14. Qe2 g6 15. 0-0 Bd7 16. Be4 Nb6 17. Rac1 Rac8 18. Qe3 Rfd8 19. h4 Qb8 20. h5 Be8 21. b4 Bf8 22. hxg6 hxg6 23. Bf4 Ne7 24. Ng5 Bg7 25. Qh3 Bxe5 26. Qh7+ Kf8 27. Nxe6+ 1-0

[Event "HUN-chT2 Maroczy 1213"]
[Site "Hungary"]
[Date "2012.11.18"]
[Round "4"]
[White "Szarvas, Peter"]
[Black "Csvila, Gabor"]
[Result "1/2-1/2"]
[WhiteElo "2233"]
[BlackElo "2222"]
[PlyCount "31"]
[EventDate "2012.09.16"]
[EventType "team-tourn"]
[EventRounds "11"]
[EventCountry "HUN"]
[SourceTitle "EXT 2014"]
[Source "ChessBase"]
[SourceDate "2013.11.20"]
[SourceVersion "1"]
[SourceVersionDate "2013.11.20"]
[SourceQuality "1"]
[WhiteTeam "Hajduszoboszlo"]
[BlackTeam "Kisujszallas"]
[WhiteTeamCountry "HUN"]
[BlackTeamCountry "HUN"]

1. d4 Nf6 2. c4 g6 3. Nc3 Bg7 4. g3 0-0 5. Bg2 d6 6. e3 Nbd7 7. Nge2 c5 8. b3 Rb8 9. 0-0 a6 10. Bb2 cxd4 11. Nxd4 Nc5 12. e4 Ne6 13. Nd5 Nxd5 14. cxd5 Nxd4 15. Bxd4 Bxd4 16. Qxd4 1/2-1/2

[Event "HUN-chT2 Maroczy 1112"]
[Site "Hungary"]
[Date "2012.04.22"]
[Round "9"]
[White "Szarvas, Peter"]
[Black "Hando, Vilmos"]
[Result "1/2-1/2"]
[WhiteElo "2221"]
[BlackElo "2318"]
[PlyCount "26"]
[EventDate "2011.09.25"]
[EventType "team-tourn"]
[EventRounds "11"]
[EventCountry "HUN"]
[SourceTitle "EXT 2013"]
[Source "ChessBase"]
[SourceDate "2012.11.22"]
[SourceVersion "1"]
[SourceVersionDate "2012.11.22"]
[SourceQuality "1"]
[WhiteTeam "Hajduszoboszlo"]
[BlackTeam "Kazincbarcika"]
[WhiteTeamCountry "HUN"]
[BlackTeamCountry "HUN"]

1. d4 Nf6 2. Nf3 g6 3. Bf4 Bg7 4. h3 d5 5. e3 c5 6. c3 Nbd7 7. Nbd2 0-0 8. Be2 a6 9. a4 c4 10. b3 cxb3 11. Qxb3 Nb8 12. 0-0 Nc6 13. Ne5 Nxe5 1/2-1/2

[Event "HUN-chT2 Maroczy 1112"]
[Site "Hungary"]
[Date "2012.03.11"]
[Round "7"]
[White "Szarvas, Peter"]
[Black "Papp Zoltan, Csaba"]
[Result "1-0"]
[WhiteElo "2221"]
[BlackElo "2272"]
[PlyCount "69"]
[EventDate "2011.09.25"]
[EventType "team-tourn"]
[EventRounds "11"]
[EventCountry "HUN"]
[SourceTitle "EXT 2013"]
[Source "ChessBase"]
[SourceDate "2012.11.22"]
[SourceVersion "1"]
[SourceVersionDate "2012.11.22"]
[SourceQuality "1"]
[WhiteTeam "Hajduszoboszlo"]
[BlackTeam "Roszke"]
[WhiteTeamCountry "HUN"]
[BlackTeamCountry "HUN"]

1. d4 d5 2. Nf3 Nf6 3. c4 Bf5 4. Nc3 e6 5. e3 c6 6. Nh4 Bg6 7. Be2 Bd6 8. g3 Nbd7 9. 0-0 0-0 10. Qb3 Rb8 11. Nxg6 hxg6 12. Rd1 Ne4 13. Nxe4 dxe4 14. Bd2 Qe7 15. Qc2 f5 16. c5 Bc7 17. b4 Nf6 18. a4 Kf7 19. b5 Rh8 20. bxc6 Rh3 21. Bf1 Rh6 22. Rab1 Rbh8 23. h3 bxc6 24. Rb7 Nd5 25. Ba5 g5 26. Rdb1 g4 27. Bxc7 Nxc7 28. Rxa7 gxh3 29. Rbb7 h2+ 30. Kh1 Rc8 31. Qd2 Ke8 32. Qa5 Kd8 33. Qb6 Qd7 34. Ba6 e5 35. Rb8 1-0

[Event "HUN-chT2 Maroczy 1112"]
[Site "Hungary"]
[Date "2011.09.25"]
[Round "1"]
[White "Hetenyi, Geza"]
[Black "Szarvas, Peter"]
[Result "0-1"]
[WhiteElo "2197"]
[BlackElo "2221"]
[PlyCount "60"]
[EventDate "2011.09.25"]
[EventType "team-tourn"]
[EventRounds "11"]
[EventCountry "HUN"]
[SourceTitle "EXT 2013"]
[Source "ChessBase"]
[SourceDate "2012.11.22"]
[SourceVersion "1"]
[SourceVersionDate "2012.11.22"]
[SourceQuality "1"]
[WhiteTeam "Lila Futo"]
[BlackTeam "Hajduszoboszlo"]
[WhiteTeamCountry "HUN"]
[BlackTeamCountry "HUN"]

1. d4 e6 2. e4 c5 3. d5 d6 4. Bb5+ Bd7 5. a4 Nf6 6. Nc3 exd5 7. exd5 Be7 8. Nf3 0-0 9. Bxd7 Qxd7 10. 0-0 Na6 11. Re1 Rfe8 12. h3 Nb4 13. Be3 Qf5 14. Nb5 Nfxd5 15. Na3 Bf8 16. Qd2 a6 17. Rad1 Nxe3 18. fxe3 Rad8 19. Rf1 d5 20. Rde1 Qd7 21. c3 Nc6 22. Qd1 Ne5 23. Nxe5 Rxe5 24. Rf3 Re4 25. Ref1 f6 26. c4 dxc4 27. Qxd7 Rxd7 28. Rc1 c3 29. b3 Rd3 30. Kf2 Rb4 0-1

[Event "HUN-chT2 Barcza 1011"]
[Site "Hungary"]
[Date "2011.04.17"]
[Round "9.4"]
[White "Szabo, Balazs"]
[Black "Szarvas, Peter"]
[Result "1-0"]
[WhiteElo "2246"]
[BlackElo "2243"]
[PlyCount "67"]
[EventDate "2010.09.12"]
[EventType "team-tourn"]
[EventRounds "11"]
[EventCountry "HUN"]
[SourceTitle "EXT 2012"]
[Source "ChessBase"]
[SourceDate "2011.11.24"]
[SourceVersion "1"]
[SourceVersionDate "2011.11.24"]
[SourceQuality "1"]
[WhiteTeam "DEAC"]
[BlackTeam "Hajduszoboszlo"]
[WhiteTeamCountry "HUN"]
[BlackTeamCountry "HUN"]

1. d4 Nf6 2. c4 e6 3. Nc3 c5 4. d5 exd5 5. cxd5 d6 6. e4 g6 7. f4 Bg7 8. Bb5+ Nfd7 9. Nf3 0-0 10. 0-0 a6 11. Bd3 Re8 12. Kh1 b5 13. a3 Nf6 14. Re1 Nbd7 15. Be3 Bb7 16. Bg1 Rc8 17. Qd2 Bh6 18. h3 Qc7 19. Bh2 Ba8 20. Qf2 Bg7 21. Qh4 c4 22. Bc2 Rb8 23. Rad1 Nb6 24. f5 b4 25. axb4 Nbd7 26. fxg6 hxg6 27. Rf1 Rxb4 28. Ng5 Rxb2 29. Ba4 Reb8 30. e5 dxe5 31. Bxd7 Qxd7 32. Bxe5 Nh5 33. Bxg7 Qd6 34. Nce4 1-0

[Event "HUN-chT2 Barcza 0607"]
[Site "Hungary"]
[Date "2006.12.17"]
[Round "4"]
[White "Belteczky, Marton"]
[Black "Szarvas, Peter"]
[Result "0-1"]
[WhiteElo "1984"]
[BlackElo "2206"]
[PlyCount "54"]
[EventDate "2006.11.12"]
[EventType "team-tourn"]
[EventRounds "11"]
[EventCountry "HUN"]
[SourceTitle "EXT 2008"]
[Source "ChessBase"]
[SourceDate "2007.11.25"]
[SourceVersion "1"]
[SourceVersionDate "2007.11.25"]
[SourceQuality "1"]
[WhiteTeam "Piremon"]
[BlackTeam "Hajduszoboszlo"]
[WhiteTeamCountry "HUN"]
[BlackTeamCountry "HUN"]

1. d4 c5 2. e3 g6 3. Nf3 Bg7 4. Be2 Nf6 5. 0-0 0-0 6. c3 cxd4 7. exd4 d6 8. Re1 a6 9. Nbd2 Nc6 10. Bc4 Re8 11. Ng5 d5 12. Bb3 e5 13. dxe5 Nxe5 14. Ndf3 Bg4 15. Bd2 Nc4 16. Rxe8+ Qxe8 17. Bxc4 dxc4 18. Qf1 h6 19. Re1 Qd7 20. Ne5 Qxd2 21. Ngxf7 Be6 22. Rd1 Qxb2 23. Nd8 Bd5 24. Qe1 Rxd8 25. Nxg6 Re8 26. Ne7+ Kf7 27. Rb1 Qa3 0-1